|
|
|
|
| LEADER |
00000nam0a2200000 4500 |
| 001 |
193013 |
| 005 |
20231031181617.0 |
| 010 |
|
|
|a 5288005265
|
| 035 |
|
|
|a (RuTPU)RU\TPU\book\210443
|
| 090 |
|
|
|a 193013
|
| 100 |
|
|
|a 20110314d1990 km y0rusy50 ca
|
| 101 |
0 |
|
|a rus
|
| 102 |
|
|
|a RU
|
| 105 |
|
|
|a y z 001zy
|
| 200 |
1 |
|
|a Юридическая ответственность в государственном управлении (социально-правовой аспект)
|f Е. А. Агеева
|g Ленинградский государственный университет (ЛГУ)
|
| 210 |
|
|
|a Ленинград
|c Изд-во Ленинградского ун-та
|d 1990
|
| 215 |
|
|
|a 144 с.
|
| 610 |
1 |
|
|a государственное управление
|
| 610 |
1 |
|
|a юридическая ответственность
|
| 610 |
1 |
|
|a право
|
| 610 |
1 |
|
|a нормативность
|
| 610 |
1 |
|
|a правонарушения
|
| 610 |
1 |
|
|a государственное принуждение
|
| 610 |
1 |
|
|a санкции
|
| 610 |
1 |
|
|a человеческий фактор
|
| 610 |
1 |
|
|a активизация
|
| 686 |
|
|
|a Х621
|v LBC/SL-A
|2 rubbk
|
| 700 |
|
1 |
|a Агеева
|b Е. А.
|g Елизавета Александровна
|
| 712 |
0 |
2 |
|a Ленинградский государственный университет (ЛГУ)
|c (1924-1991)
|2 stltpush
|3 (RuTPU)RU\TPU\col\77
|
| 801 |
|
1 |
|a RU
|b 63413507
|c 20110314
|
| 801 |
|
2 |
|a RU
|b 63413507
|c 20170628
|g RCR
|
| 942 |
|
|
|c BK
|